Thotta alai thodaatha alai (Record no. 141330)

MARC details
000 -LEADER
fixed length control field 00629nam a2200229 i 4500
001 - CONTROL NUMBER
control field C2-0344765
003 - CONTROL NUMBER IDENTIFIER
control field PPAK
005 - DATE AND TIME OF LATEST TRANSACTION
control field 20180728145510.0
008 - FIXED-LENGTH DATA ELEMENTS--GENERAL INFORMATION
fixed length control field 180113s2016 ii |||| ||||| | tam d
040 ## - CATALOGING SOURCE
Original cataloging agency PPAK
Language of cataloging eng
Transcribing agency PPAK
Description conventions rda
082 04 - DEWEY DECIMAL CLASSIFICATION NUMBER
Classification number 894.8113
Edition number 23
090 00 - LOCALLY ASSIGNED LC-TYPE CALL NUMBER (OCLC); LOCAL CALL NUMBER (RLIN)
Classification number (OCLC) (R) ; Classification number, CALL (RLIN) (NR) 894.8113
Feature heading NAR
Feature heading G
100 1# - MAIN ENTRY--PERSONAL NAME
Personal name Narayanan, S. Sangara,
Relator term author
245 10 - TITLE STATEMENT
Title Thotta alai thodaatha alai
264 #1 - PRODUCTION, PUBLICATION, DISTRIBUTION, MANUFACTURE, AND COPYRIGHT NOTICE
Place of production, publication, distribution, manufacture Chennai, India :
Name of producer, publisher, distributor, manufacturer Nivethitha Pathipagam ,
Date of production, publication, distribution, manufacture, or copyright notice 2016
300 ## - PHYSICAL DESCRIPTION
Extent 288 pages ;
Dimensions 22 cm
336 ## - CONTENT TYPE
Source rdacontent
Content type term text
337 ## - MEDIA TYPE
Source rdamedia
Media type term unmediated
338 ## - CARRIER TYPE
Source rdacarrier
Carrier type term volume
650 10 - SUBJECT ADDED ENTRY--TOPICAL TERM
Topical term or geographic name entry element Tamil fiction.
942 ## - ADDED ENTRY ELEMENTS (KOHA)
-- dc
Koha item type Book
Holdings
Withdrawn Not for loan Current library Shelving location Date acquired Total Checkouts Full call number Barcode Date last seen Date last checked out Uniform Resource Identifier Koha item type Total Renewals
    Perpustakaan Alor Setar Pinjaman Dewasa 30/01/2018 5 894.8113 NAR A01563970 04/07/2023 20/06/2023 55.40 Book  
    Perpustakaan Kulim Pinjaman Dewasa 30/01/2018 3 894.8113 NAR A01563971 15/08/2023 01/08/2023 55.40 Book 5